Villes principales de population kurde au Moyen-Orient sur une carte - Statistiques

Statistiques générales
  • Ce quiz a été pris 445 fois
  • Le résultat moyen est 6 sur 20
Réponses sur la Carte
Les réponses sont colorées sur une échelle allant du rouge au vert en fonction du pourcentage des utilisateurs qui les ont devinées à leur premier essai. Vous pouvez retrouver ces pourcentages ci-dessous.
 
Statistiques - réponses
Population Ville % Correct
1 635 048 Diyarbakır
66%
1 889 466 Gaziantep
63%
879 000 Erbil
56%
387 766 Van
56%
472 238 Şanlıurfa
44%
461,354 Batman
35%
1 200 000 Kirkouk
29%
44 821 Kobané
28%
273,241 Adıyaman
25%
485,484 Malatya
24%
128 935 Bingöl
23%
711 371 Souleimaniye
22%
226 899 Dohuk
19%
180 000 Qamichli
17%
168 000 Mahabad
14%
180 000 Hassaké
13%
1 083 833 Kermanchah
11%
145,700 Halabja
8%
850 000 Sanandadj
6%
528 261 Hamadan
5%
Aucun quiz correspondant
Distribution des résultats
% des personnes avec chaque résultat
Percentile par nombre de réponses
Votre historique - résultats
Vous n’avez pas pris ce quiz